XIV Festival Internacional de Teatre de Sitges : 16 al 25 d'octubre / [Direcció: Ricard Salvat] 16 al 25 d'octubre / [Direcció:
Publicado:
Barcelona :
Generalitat de Catalunya. Departament de Cultura : Diputació de Barcelona : Ministeri de Cultura : Ajuntament de Sitges ,
1981
Descripción Física:
[102] p. : fot. ; 27 cm
Materias:
Festivals de teatre -- Sitges
MARC
| LEADER | 00000nam a2200000Ia 4500 | ||
|---|---|---|---|
| 001 | 19555 | ||
| 003 | BGR | ||
| 005 | 20260324180118.0 | ||
| 008 | 160829s1981 xx 000 0 cat d | ||
| 080 | |a B-2-141 | ||
| 111 | |a Festival Internacional de Teatre de Sitges |9 70881 |c (Sitges : |d 1981) | ||
| 245 | |a XIV Festival Internacional de Teatre de Sitges : |b 16 al 25 d'octubre / [Direcció: |b Ricard Salvat] | ||
| 260 | |a Barcelona : |b Generalitat de Catalunya. Departament de Cultura : |b Diputació de Barcelona : |b Ministeri de Cultura : |b Ajuntament de Sitges, |c 1981 | ||
| 300 | |a [102] p. : |b fot. ; |c 27 cm | ||
| 590 | |a A la coberta: Sitges '81. | ||
| 590 | |a Prové de Q-166 | ||
| 650 | |a Festivals de teatre |x Sitges |9 46690 | ||
| 700 | |a Salvat, Ricard, dir. |9 46691 | ||
| 700 | |a Espanya. Ministerio de Cultura |9 37983 | ||
| 710 | 1 | |a Sitges (Catalunya). |b Ajuntament |9 52795 | |
| 710 | 2 | |a Catalunya. |b Departament de Cultura |9 52819 | |
| 901 | |a Arxiu | ||
| 942 | |n 1 |2 udc |c MON | ||
| 952 | |0 0 |1 0 |4 0 |6 B2141 |7 1 |9 53387 |a Arxiu |b Arxiu |d 2016-12-01 |l 0 |o B-2-141 |p 19555 |r 2016-12-01 00:00:00 |w 2016-12-01 |y ARXIU | ||
| 999 | |c 57252 |d 57252 | ||